000 00453nam a22001817a 4500
003 OSt
005 20150909175654.0
008 150909b xxu||||| |||| 00| 0 eng d
040 _aSEKU
050 _aRS 164
_b.S87 2012
100 _aSuresh B.
245 _aMedicinal plants research compendium
_bvolume II
260 _aIndia
_bJSS university,Mysore
_c2012
300 _a106 p.
700 _aNanjan M.J.
700 _aDhanabal S.P.
942 _2lcc
_cGEN
999 _c8785
_d8785